| 000 | 00543nam a2200181Ia 4500 | ||
|---|---|---|---|
| 008 | 090630s9999 xx 000 0 und d | ||
| 082 | _b23721 | ||
| 100 | _aखान राजन. | ||
| 245 |
_aबीज धारणा. _cखान राजन. |
||
| 260 |
_bश्रीपाद - पुणे. _c2004 |
||
| 300 | _a184 | ||
| 600 | _aखान राजन. | ||
| 630 | _aबीज धारणा. | ||
| 655 | _aलघुकथा. | ||
| 700 | _aखान राजन. | ||
| 730 | _aबीज धारणा. | ||
| 942 | _cBOOK | ||
| 999 |
_c275577 _d275577 |
||